00000000nam##2200000za#4500
0019.574589
003CaOODSP
00520241203113634
007cr |||||||||||
008150406|1997||||xxc|||||o    f|0| 0 eng|d
040 |aCaOODSP|beng
043 |an-cn---
0861 |aEn56-119/1-1997E-IN
1101 |aCanada. |bEnvironment Canada.
24510|aResponding to global climate change in the Prairies|h[electronic resource]|c[by] Ross Herrington, Brian Johnson, and Fraser Hunter.
260 |aOttawa - Ontario : |bEnvironment Canada |c1997.
300 |a270p.|bfigs., graphs, maps, references, tables
4901 |aCanada country study|vVolume III
500 |aThe catalogue number (En56-119/1-1997E) and ISBN (0-662-25921-1) for the print edition have been incorrectly copied in this electronic publication.
546 |a(Résumé et preface en français.)
590 |a12-31-Supp|b2012-07-06
7201 |aHerrington, Ross
7201 |aJohnson, Brian
7201 |aHunter, Fraser
7760#|tResponding to global climate change in the Prairies|w(CaOODSP)9.613937
830#0|aCanada country study ;|vVolume III|w(CaOODSP)9.504444
85640|ahttp://publications.gc.ca|qPDF|s1.45 MB|uhttps://publications.gc.ca/collections/Collection/En56-119-1-1997E.pdf|yVolume III